Đánh giá tác động môi trường /kế hoạch quản lý môi trường

Spremljeno u:
Bibliografski detalji
Glavni autor: Bộ Giao Thông Vận Tải
Format: Knjiga
Jezik:Undetermined
Izdano: Washington DC The World Bank 2003
Oznake: Dodaj oznaku
Bez oznaka, Budi prvi tko označuje ovaj zapis!
Thư viện lưu trữ: Trung tâm Học liệu Trường Đại học Cần Thơ
LEADER 00542nam a2200169Ia 4500
001 CTU_62697
008 210402s9999 xx 000 0 und d
082 |a 363.7 
082 |b B450 
100 |a Bộ Giao Thông Vận Tải 
245 0 |a Đánh giá tác động môi trường /kế hoạch quản lý môi trường 
245 0 |c Bộ Giao Thông Vận Tải 
260 |a Washington DC 
260 |b The World Bank 
260 |c 2003 
904 |i Minh 
980 |a Trung tâm Học liệu Trường Đại học Cần Thơ